| 000 | 01422cam a2200373 i 4500 | ||
|---|---|---|---|
| 001 | 36756 | ||
| 003 | Mx-PuUPA | ||
| 005 | 20260228104006.0 | ||
| 008 | 140415s2019 sp a gr 000 0 spa d | ||
| 017 | _aM. 530-2019 | ||
| 020 | _a9788436840759 | ||
| 040 |
_aMx-PuUPA _bspa _cMx-PuUPA _dMx-PuUPA _erda |
||
| 041 | 0 | _aspa | |
| 100 | 1 |
_aCasanueva Rocha, Cristóbal, _eautor _917870 |
|
| 245 | 1 | 0 |
_aDirección estratégica de organizaciones turísticas / _cCristóbal Casanueva Rocha, María Ángeles Gallego Águeda |
| 250 | _aSegunda edición | ||
| 264 | 1 |
_aMadrid, España : _bEdiciones Pirámide, _c2019 |
|
| 300 |
_a260 páginas : _bilustraciones, diagramas, tablas ; _c24 cm |
||
| 336 |
_2rdacontent _atexto _btxt |
||
| 336 |
_2rdacontent _aimagen fija _bsti |
||
| 337 |
_2rdamedia _asin medio _bn |
||
| 338 |
_2rdacarrier _avolumen _bnc |
||
| 490 | 0 | _aColección Economía y Empresa | |
| 650 | 7 |
_913986 _2armarc _aEmpresas turística _xAdministración |
|
| 650 | 7 |
_2armarc _aTurismo _xAdministración |
|
| 650 | 7 |
_2armarc _aTurismo _xPlanificación |
|
| 650 | 7 |
_2armarc _aPlanificación estratégica |
|
| 650 | 7 |
_2armarc _aPlanificación empresarial |
|
| 700 | 1 |
_aGallego Águeda, María Ángeles, _eautor |
|
| 942 |
_2ddc _cLI _h338.4791068 _iC33 |
||
| 999 |
_c36756 _d36756 |
||